000 01237cam a22002054a 4500
005 20250605164209.0
008 250528s ||||||||||||||||||||||||d
035 _a20168
020 _a6817173
040 _aGR-AtMCL
_bgre
_dGR-AtMCL
_eAACR2
245 1 _aToward the Year 2000 / Work in Progress
250 _a2nd
260 _bHoughton Mifflin Company,
_c1968
300 _a404
520 _aPreface, The Year 2000 - The Trajectory of an Idea, Baselines for the Future, Alternative Futures, The Needs for Models, Some Specific Problems, Can Social Prediction Be Evaluated?, Forecasting and Technological Forecasting, Modernizing Urban Development, The Need for a Political New Theory, Educational and Scientific Institutions, Biological Man and the Year 2000, Religion and Mysticism and the Institutional Church, Memorandum on Youth, The Problems of Privacy in the Year 2000, Some Psychological Perspectives on the Year 2000, Notes on Meritocracy, Violence, Communication, The Nature and Limitations of Forecasting, The Need for Normative Statements, The Working Parties, Coda: Work in Further Progress, Notes on Contributors, Index.
700 1 _aBell Daniel
_96220
942 _cBK
999 _c5306
_d5306